Word Ladder: Cold, Refreshing Drink Quiz Stats

 Plays Quiz Updated Jul 5, 2018

Challenge
Share
Tweet
Embed
Score 0/16 Timer 03:00
2 Plays Today
Clue 3-Letter Word % Correct
Digit of the footTOE
97.2%
Female hare or deerDOE
96.5%
๐Ÿน About 907 kilos ๐ŸนTON
93.6%
One way to earn an OscarACT
93.5%
Unreturned tennis serveACE
93.2%
Dr. in 2015's 'Straight Outta Compton'DRE
91.7%
๐Ÿน Treatment for a sprain ๐ŸนICE
91.7%
Gambling actionBET
91.4%
Clue 3-Letter Word % Correct
AngerIRE
89.3%
๐Ÿน Drink often served with a lemon wedge ๐ŸนTEA
88.6%
PC's space bar neighbor ALT
87.1%
Arthur of 'The Golden Girls'BEA
86.3%
Material for some cupsTIN
84.6%
Initial order at lunch?BLT
81.8%
๐Ÿน Sassy talk; one of a kissing pair ๐ŸนLIP
74.4%
LeanTIP
70.8%

Today's Daily Dose

Word Ladder
Homophones Ate

Quick Pick
RGB Colors

On This Day
August 18th II

You're not logged in!

Compare scores with friends on all Sporcle quizzes.
Join for Free
OR
Log In

You Might Also Like...

Show Comments

Extras

Top Quizzes Today


Score Distribution

Your Account Isn't Verified!

In order to create a playlist on Sporcle, you need to verify the email address you used during registration. Go to your Sporcle Settings to finish the process.

Report this User

Report this user for behavior that violates our Community Guidelines.

Details: